LEADER 01045nam0 22002651i 450 001 SUN0024971 005 20050217120000.0 010 $a88-06-16671-9 100 $a20040929d2003 |0itac50 ba 101 $aita 102 $aIT 105 $a|||| ||||| 200 1 $aˆLa ‰guerra dopo la guerra$esoldati, burocrati e mercenari nell'epoca della pace virtuale$fFabio Mini 210 $aTorino$cEinaudi$dc2003 215 $a294 p.$d21 cm. 410 1$1001SUN0005128$12001 $aˆGli ‰struzzi$v571$1210 $aTorino$cEinaudi. 620 $dTorino$3SUNL000001 700 1$aMini$b, Fabio$3SUNV010558$0313493 712 $aEinaudi$3SUNV000030$4650 801 $aIT$bSOL$c20181109$gRICA 912 $aSUN0024971 950 $aUFFICIO DI BIBLIOTECA DEL DIPARTIMENTO DI GIURISPRUDENZA$d00 CONS VIII.Eo.458 $e00 25755 995 $aUFFICIO DI BIBLIOTECA DEL DIPARTIMENTO DI GIURISPRUDENZA$h25755$kCONS VIII.Eo.458$op$qa 996 $aGuerra dopo la guerra$9725536 997 $aUNICAMPANIA LEADER 01797nas 22005773a 450 001 996203656903316 005 20230902032107.0 011 $a1938-2650 035 $a(DE-599)ZDB2256676-4 035 $a(OCoLC)61314291 035 $a(CKB)954925373801 035 $a(CONSER)--2008212663 035 $a(EXLCZ)99954925373801 100 $a20050822a19579999 s-- a 101 0 $aeng 135 $aurun||||||||| 181 $ctxt$2rdacontent 182 $cc$2rdamedia 183 $acr$2rdacarrier 200 10$aActa cytologica 210 $aChicago $cInternational Academy of Cytology 210 3 $aBasel $cS. Karger AG 300 $aRefereed/Peer-reviewed 311 $a0001-5547 330 $aIncludes abstracts of papers of various symposia. 517 3 $aJurnal of clinical cytology and cytopathology 531 $aACTA CYTOL 531 $aACT CYTOL 531 $aACTA CYTOLOGICA THE JOURNAL OF CLINICAL CYTOLOGY AND CYTOPATHOLOGY 606 $aExfoliative cytology$vPeriodicals 606 $aGynecology$vPeriodicals 606 $aCytology$vPeriodicals 606 $aCytology$2fast$3(OCoLC)fst00886282 606 $aExfoliative cytology$2fast$3(OCoLC)fst00918074 606 $aGynecology$2fast$3(OCoLC)fst00949684 608 $aPeriodicals.$2fast 615 0$aExfoliative cytology 615 0$aGynecology 615 0$aCytology 615 7$aCytology. 615 7$aExfoliative cytology. 615 7$aGynecology. 676 $a618.1 712 02$aInternational Academy of Cytology. 712 02$aInternational Academy of Gynecological Cytology. 712 02$aAmerican Society of Cytology. 712 02$aInter-society Cytology Council. 906 $aJOURNAL 912 $a996203656903316 996 $aActa cytologica$9802227 997 $aUNISA